Технология блокчейн в обеспечении метрологической прослеживаемости; Динамика систем, механизмов и машин; Т. 5, № 4

Bibliographic Details
Parent link:Динамика систем, механизмов и машин.— , 1995-
Т. 5, № 4.— 2017.— [С. 57-61]
Main Author: Ершов И. А. Иван Анатольевич
Corporate Author: Национальный исследовательский Томский политехнический университет Инженерная школа информационных технологий и робототехники Отделение автоматизации и робототехники (ОАР)
Other Authors: Аймагамбетова Р. Ж. Раушан Жанатовна, Стукач О. В. Олег Владимирович
Summary:Заглавие с экрана
Неотъемлемой частью любого производства являются средства измерения. Они периодически должны проходить поверку или калибровку, которые проводятся, как правило, в калибровочных лабораториях в среднем по срокам до двух недель. Очевидно, что при этом производительность падает, а производство несет убытки или не получает прибыль. Вторым недостатком сложившейся системы является чрезмерное информационное обеспечение. Именно поэтому возникает необходимость в совершенствовании системы метрологической прослеживаемости. В данной статье рассмотрена возможность использования технологии калибровки с удалённым доступом и технологии блокчейн в качестве базы для аутентичного хранения информации о средствах измерений.
Режим доступа: по договору с организацией-держателем ресурса
Language:Russian
Published: 2017
Series:Информационная безопасность
Subjects:
Online Access:http://elibrary.ru/item.asp?id=30624963
Format: Electronic Book Chapter
KOHA link:https://koha.lib.tpu.ru/cgi-bin/koha/opac-detail.pl?biblionumber=658123

MARC

LEADER 00000naa0a2200000 4500
001 658123
005 20250127160208.0
035 |a (RuTPU)RU\TPU\network\25213 
090 |a 658123 
100 |a 20180518d2017 k||y0rusy50 ca 
101 0 |a rus 
102 |a RU 
135 |a drcn ---uucaa 
181 0 |a i  
182 0 |a b 
200 1 |a Технология блокчейн в обеспечении метрологической прослеживаемости  |f И. А. Ершов, Р. Ж. Аймагамбетова, О. В. Стукач 
203 |a Текст  |c электронный 
225 1 |a Информационная безопасность 
300 |a Заглавие с экрана 
320 |a [Библиогр.: 6 назв.] 
330 |a Неотъемлемой частью любого производства являются средства измерения. Они периодически должны проходить поверку или калибровку, которые проводятся, как правило, в калибровочных лабораториях в среднем по срокам до двух недель. Очевидно, что при этом производительность падает, а производство несет убытки или не получает прибыль. Вторым недостатком сложившейся системы является чрезмерное информационное обеспечение. Именно поэтому возникает необходимость в совершенствовании системы метрологической прослеживаемости. В данной статье рассмотрена возможность использования технологии калибровки с удалённым доступом и технологии блокчейн в качестве базы для аутентичного хранения информации о средствах измерений. 
333 |a Режим доступа: по договору с организацией-держателем ресурса 
461 |t Динамика систем, механизмов и машин  |d 1995- 
463 |t Т. 5, № 4  |v [С. 57-61]  |d 2017 
610 1 |a электронный ресурс 
610 1 |a труды учёных ТПУ 
610 1 |a калибровка 
610 1 |a удаленный доступ 
610 1 |a поверки 
610 1 |a блокчейн 
610 1 |a аутентичность 
610 1 |a базы данных 
700 1 |a Ершов  |b И. А.  |g Иван Анатольевич 
701 1 |a Аймагамбетова  |b Р. Ж.  |g Раушан Жанатовна 
701 1 |a Стукач  |b О. В.  |c специалист в области информатики и вычислительной техники  |c профессор Томского политехнического университета, доктор технических наук  |f 1966-  |g Олег Владимирович  |3 (RuTPU)RU\TPU\pers\28991 
712 0 2 |a Национальный исследовательский Томский политехнический университет  |b Инженерная школа информационных технологий и робототехники  |b Отделение автоматизации и робототехники (ОАР)  |3 (RuTPU)RU\TPU\col\23553 
801 2 |a RU  |b 63413507  |c 20180518  |g RCR 
856 4 |u http://elibrary.ru/item.asp?id=30624963 
942 |c CF